| 000 | 00429nam a22001577a 4500 | ||
|---|---|---|---|
| 999 |
_c12391 _d12391 |
||
| 008 | 210201b ||||| |||| 00| 0 eng d | ||
| 082 | 0 | 0 |
_a621.4021076 _bB7888 |
| 100 |
_92100 _aBoxer, G. |
||
| 245 | 1 | 0 |
_aExamples in engineering thermodynamics _cBy G. Boxer |
| 250 | _a1st ed.-- London: Arnold, 1966. | ||
| 260 |
_a London _bArnold _c1966 |
||
| 300 | _axi, 404p. | ||
| 365 | _d40.50 | ||
| 650 | 0 | _aThermodynamics | |
| 942 | _cBK | ||